000 00434nam a2200193Ia 4500
005 20250603145105.0
008 250603s9999 xx 000 0 und d
020 _a9780393630114
050 _aGN 281 .B69/
100 _aBoyd Robert
245 0 _aHow humans evolved
250 _a8th ed.
260 _aNew York
260 _bW. W. Norton & Company
260 _c2018
300 _a428 p
650 _aNew York
942 _cBK
999 _c40842
_d40842